Planificación del socialismo / (Registro nro. 7465)
[ vista simple ]
| 000 -LEADER | |
|---|---|
| fixed length control field | 02461nam a22003017a 4500 |
| 003 - CONTROL NUMBER IDENTIFIER | |
| control field | OSt |
| 005 - DATE AND TIME OF LATEST TRANSACTION | |
| control field | 20210305160159.0 |
| 008 - FIXED-LENGTH DATA ELEMENTS--GENERAL INFORMATION | |
| fixed length control field | 210305s1968 sp ||||gr|||| 00| 0 spa d |
| 040 ## - CATALOGING SOURCE | |
| Original cataloging agency | CO-JMCR |
| Transcribing agency | CO-JMCR |
| 041 1# - LANGUAGE CODE | |
| Language code of text/sound track or separate title | spa |
| Language code of original | fre |
| 082 04 - DEWEY DECIMAL CLASSIFICATION NUMBER | |
| Classification number | 335.04 / |
| Item number | T113p |
| Edition number | 23 |
| 100 1# - MAIN ENTRY--PERSONAL NAME | |
| Personal name | Tabeev, Fikriat, |
| Relator term | autor |
| 9 (RLIN) | 14443 |
| 245 10 - TITLE STATEMENT | |
| Title | Planificación del socialismo / |
| Statement of responsibility, etc. | Fikriat Tabeev, Evsei Liberman, Vassili Nemtchinov [y otros 20 ] ; versión castellana José Ma. Vidal Villa |
| 250 ## - EDITION STATEMENT | |
| Edition statement | Primera edición |
| 260 ## - PUBLICATION, DISTRIBUTION, ETC. | |
| Place of publication, distribution, etc. | Barcelona : |
| Name of publisher, distributor, etc. | Oikos-Tau Ediciones, |
| Date of publication, distribution, etc. | 1968 |
| 300 ## - PHYSICAL DESCRIPTION | |
| Extent | 216 páginas ; |
| Dimensions | 21 cm. |
| 490 0# - SERIES STATEMENT | |
| Series statement | Libros de economía Oikos ; |
| Volume/sequential designation | 14 |
| 500 ## - GENERAL NOTE | |
| General note | Incluye notas a pie de página.<br/>Selección de artículos monográficos de Recherches internationales , no. 47 con el título : Planification, debats et problémes du socialisme. |
| 505 0# - FORMATTED CONTENTS NOTE | |
| Formatted contents note | Gestión y planificación social de la producción en la U.R.S.S. -- Para una gestión flexible -- Plan y métodos económicos de dirección -- Una vez más a propósito del plan, del beneficio y de las primas -- El estímulo económico de las empresas -- Cómo resolver nuestros problemas económicos |
| 520 3# - SUMMARY, ETC. | |
| Summary, etc. | La economía de los países socialistas se ha encontrado con dos grandes problemas, difíciles de vencer: aumentar el número de productos y mejorar su calidad. Unos obstáculos que han impedido crear las bases de una sociedad comunista, así como afrontar la competencia económica con el mundo capitalista. La necesidad de crear una salida ha provocado una serie de reformas que han hecho preguntar: ¿qué pasa en el socialismo? ¿a dónde va el socialismo?. Las reformas en curso intentan, fundamentalmente , una mayor autonomía de la empresa, que dependerá tanto del beneficio que obtenga, como del cumplimiento del plan. Una autonomía que se vislumbra irá acompañada de una mayor democracia en el interior de la empresa. Este nuevo funcionamiento no tiene, desde un punto de vista doctrinal, gran novedad, ya que se ajusta en sus líneas generales al tipo de economía que habían propugnado los socialistas de habla alemana en el primer tercio del siglo. |
| 546 ## - LANGUAGE NOTE | |
| Language note | Traducción del francés. |
| 650 14 - SUBJECT ADDED ENTRY--TOPICAL TERM | |
| Topical term or geographic name entry element | Economía |
| Form subdivision | ensayos, conferencias, etc. |
| 9 (RLIN) | 14444 |
| 650 24 - SUBJECT ADDED ENTRY--TOPICAL TERM | |
| Topical term or geographic name entry element | Teoría económica |
| 9 (RLIN) | 14449 |
| 700 1# - ADDED ENTRY--PERSONAL NAME | |
| Personal name | Liberman, Evsei, |
| Relator term | autor |
| 9 (RLIN) | 14446 |
| 700 1# - ADDED ENTRY--PERSONAL NAME | |
| Personal name | Nemtchinov, Vassili, |
| Relator term | autor |
| 9 (RLIN) | 14447 |
| 700 1# - ADDED ENTRY--PERSONAL NAME | |
| Personal name | Vidal Villa, José María, |
| Relator term | traductor |
| 9 (RLIN) | 14448 |
| 942 ## - ADDED ENTRY ELEMENTS (KOHA) | |
| Source of classification or shelving scheme | Dewey Decimal Classification |
| Koha item type | Books |
| Withdrawn status | Lost status | Source of classification or shelving scheme | Damaged status | Not for loan | Collection code | Home library | Current library | Date acquired | Source of acquisition | Total Checkouts | Full call number | Barcode | Date last seen | Copy number | Price effective from | Koha item type |
|---|---|---|---|---|---|---|---|---|---|---|---|---|---|---|---|---|
| Dewey Decimal Classification | Non-fiction | Biblioteca Pública José María del Castillo y Rada | Biblioteca Pública José María del Castillo y Rada | 10/02/2020 | Donación | 335.04 / T113p | 201810545 | 05/16/2024 | Ej.1 | 03/05/2021 | Books |